<?xml version="1.0" encoding="UTF-8"?>
<record
    xmlns:xsi="http://www.w3.org/2001/XMLSchema-instance"
    xsi:schemaLocation="http://www.loc.gov/MARC21/slim http://www.loc.gov/standards/marcxml/schema/MARC21slim.xsd"
    xmlns="http://www.loc.gov/MARC21/slim">

  <leader>00578nam a2200217 a 4500</leader>
  <datafield tag="020" ind1=" " ind2=" ">
    <subfield code="a">813172123X (paperback)</subfield>
  </datafield>
  <datafield tag="020" ind1=" " ind2=" ">
    <subfield code="a">9788131721230 (paperback)</subfield>
  </datafield>
  <datafield tag="020" ind1=" " ind2=" ">
    <subfield code="a">9789332519022</subfield>
  </datafield>
  <datafield tag="082" ind1=" " ind2=" ">
    <subfield code="a">540 MCM</subfield>
  </datafield>
  <datafield tag="100" ind1="1" ind2=" ">
    <subfield code="a">McMurry,John.E</subfield>
  </datafield>
  <datafield tag="245" ind1="1" ind2="0">
    <subfield code="a">Chemistry </subfield>
  </datafield>
  <datafield tag="250" ind1=" " ind2=" ">
    <subfield code="a">5th ed. and 6th ed.</subfield>
  </datafield>
  <datafield tag="260" ind1=" " ind2=" ">
    <subfield code="a">India</subfield>
    <subfield code="b">Dorling Kindersley,</subfield>
    <subfield code="b">Pearson</subfield>
    <subfield code="c">2008.</subfield>
    <subfield code="c">2014</subfield>
  </datafield>
  <datafield tag="300" ind1=" " ind2=" ">
    <subfield code="a">1014p</subfield>
  </datafield>
  <datafield tag="300" ind1=" " ind2=" ">
    <subfield code="a">1063p</subfield>
  </datafield>
  <datafield tag="520" ind1=" " ind2=" ">
    <subfield code="a">Book by McMurry.</subfield>
  </datafield>
  <datafield tag="650" ind1=" " ind2=" ">
    <subfield code="a">chemistry</subfield>
  </datafield>
  <datafield tag="700" ind1=" " ind2=" ">
    <subfield code="a">Fay,Robert.c</subfield>
  </datafield>
  <datafield tag="856" ind1="4" ind2="0">
    <subfield code="u">http://www.amazon.com/exec/obidos/ASIN/813172123X/chopaconline-20</subfield>
  </datafield>
  <datafield tag="942" ind1=" " ind2=" ">
    <subfield code="c">BK</subfield>
  </datafield>
  <datafield tag="999" ind1=" " ind2=" ">
    <subfield code="c">948</subfield>
    <subfield code="d">948</subfield>
  </datafield>
  <datafield tag="952" ind1=" " ind2=" ">
    <subfield code="0">0</subfield>
    <subfield code="1">0</subfield>
    <subfield code="7">0</subfield>
    <subfield code="8">NFIC</subfield>
    <subfield code="a">IC</subfield>
    <subfield code="b">IC</subfield>
    <subfield code="c">GEN</subfield>
    <subfield code="d">2015-06-07</subfield>
    <subfield code="g">1660.66</subfield>
    <subfield code="l">23</subfield>
    <subfield code="m">2</subfield>
    <subfield code="o">540 MCM</subfield>
    <subfield code="p">006675</subfield>
    <subfield code="r">2025-08-26 15:47:13</subfield>
    <subfield code="s">2025-08-13</subfield>
    <subfield code="w">2015-06-07</subfield>
    <subfield code="y">BK</subfield>
  </datafield>
  <datafield tag="952" ind1=" " ind2=" ">
    <subfield code="0">0</subfield>
    <subfield code="1">0</subfield>
    <subfield code="7">0</subfield>
    <subfield code="8">NFIC</subfield>
    <subfield code="a">IC</subfield>
    <subfield code="b">IC</subfield>
    <subfield code="c">GEN</subfield>
    <subfield code="d">2015-06-15</subfield>
    <subfield code="g">1660.66</subfield>
    <subfield code="l">1</subfield>
    <subfield code="o">540 MCM</subfield>
    <subfield code="p">006553</subfield>
    <subfield code="r">2025-08-25 10:03:26</subfield>
    <subfield code="s">2025-08-13</subfield>
    <subfield code="w">2015-06-15</subfield>
    <subfield code="y">BK</subfield>
  </datafield>
  <datafield tag="952" ind1=" " ind2=" ">
    <subfield code="0">0</subfield>
    <subfield code="1">0</subfield>
    <subfield code="7">0</subfield>
    <subfield code="8">NFIC</subfield>
    <subfield code="a">IC</subfield>
    <subfield code="b">IC</subfield>
    <subfield code="c">GEN</subfield>
    <subfield code="d">2015-06-15</subfield>
    <subfield code="g">1582.00</subfield>
    <subfield code="l">1</subfield>
    <subfield code="o">540 MCM</subfield>
    <subfield code="p">005450</subfield>
    <subfield code="r">2023-02-11 00:00:00</subfield>
    <subfield code="s">2023-01-29</subfield>
    <subfield code="y">BK</subfield>
  </datafield>
  <datafield tag="952" ind1=" " ind2=" ">
    <subfield code="0">0</subfield>
    <subfield code="1">0</subfield>
    <subfield code="7">0</subfield>
    <subfield code="8">NFIC</subfield>
    <subfield code="a">IC</subfield>
    <subfield code="b">IC</subfield>
    <subfield code="c">GEN</subfield>
    <subfield code="d">2015-06-15</subfield>
    <subfield code="g">1661.00</subfield>
    <subfield code="l">0</subfield>
    <subfield code="o">540 MCM</subfield>
    <subfield code="p">005064</subfield>
    <subfield code="r">2015-06-15 00:00:00</subfield>
    <subfield code="w">2015-06-15</subfield>
    <subfield code="y">REF</subfield>
  </datafield>
  <datafield tag="952" ind1=" " ind2=" ">
    <subfield code="0">0</subfield>
    <subfield code="1">0</subfield>
    <subfield code="7">0</subfield>
    <subfield code="8">NFIC</subfield>
    <subfield code="a">IC</subfield>
    <subfield code="b">IC</subfield>
    <subfield code="c">GEN</subfield>
    <subfield code="d">2015-10-18</subfield>
    <subfield code="e">6th edition</subfield>
    <subfield code="g">3483.00</subfield>
    <subfield code="l">29</subfield>
    <subfield code="m">2</subfield>
    <subfield code="o">540 MCM</subfield>
    <subfield code="p">007018</subfield>
    <subfield code="r">2025-12-09 15:45:43</subfield>
    <subfield code="s">2025-11-16</subfield>
    <subfield code="w">2015-10-18</subfield>
    <subfield code="y">BK</subfield>
  </datafield>
</record>
